Legislación del trabajo (Record no. 90449)
[ view plain ]
| 000 -LEADER | |
|---|---|
| campo de control de longitud fija | 00474nam a2200145 i 4500 |
| 001 - NÚMERO DE CONTROL | |
| campo de control | 90449 |
| 003 - IDENTIFICADOR DE NÚMERO DE CONTROL | |
| campo de control | ES-MaACL |
| 007 - CAMPO FIJO DE DESCRIPCIÓN FÍSICA--INFORMACIÓN GENERAL | |
| campo de control de longitud fija | t| |
| 008 - DATOS DE LONGITUD FIJA--INFORMACIÓN GENERAL | |
| campo de control de longitud fija | 050120s1951 pe ||||1| spa d |
| 245 00 - MENCIÓN DEL TÍTULO | |
| Título | Legislación del trabajo |
| Resto del título | : metodización de las normas y jurisprudencia vigentes / |
| Mención de responsabilidad, etc. | por Manuel A. Vigil. |
| 260 ## - PUBLICACIÓN, DISTRIBUCIÓN, ETC. | |
| Lugar de publicación, distribución, etc. | Lima : |
| Nombre del editor, distribuidor, etc. | [s.n.], |
| Fecha de publicación, distribución, etc. | 1951 ( |
| Fabricante | Imp. Torres Aguirre) |
| 300 ## - DESCRIPCIÓN FÍSICA | |
| Extensión | XCIV, 486 p. ; |
| Dimensiones | 25 cm. |
| 700 1# - ENTRADA AGREGADA--NOMBRE PERSONAL | |
| Nombre de persona | Vigil, Manuel A. |
| 9 (RLIN) | 114629 |
| 852 ## - LOCALIZACIÓN | |
| Ubicación | ES-MaACL |
| Número de control de estantería | E-3390 |
| Sublocalización o colección | R.35848 |
| Estatus retirado | Estado de pérdida | Estado de daño | No para préstamo | Biblioteca de origen | Biblioteca actual | Ubicación en estantería | Fecha de adquisición | Fuente de adquisición | Total de préstamos | Signatura topográfica completa | Código de barras | Visto por última vez | Precio de reemplazo | Tipo de ítem Koha |
|---|---|---|---|---|---|---|---|---|---|---|---|---|---|---|
| Biblioteca del Ateneo de Madrid | Biblioteca del Ateneo de Madrid | Depósito 2 | 17/01/2008 | E-3390 | 1094450 | 23/02/2023 | 23/02/2023 | Libro impreso |
